| 000 | 02278nam a2200493 c 4500 | ||
|---|---|---|---|
| 999 |
_c46111 _d46111 |
||
| 003 | BLK | ||
| 005 | 20240416131121.0 | ||
| 008 | 180408b bul|||||r ||||||| ||bul|| | ||
| 010 | _aKNG00049914000 | ||
| 040 | _aBLK | ||
| 041 |
_aBUL _cBUL |
||
| 072 | 7 |
_2bullib _aЯ _xАвтографи |
|
| 072 | 7 |
_2bullib _aК _xКраезнание |
|
| 080 |
_aЗанаятчийски и индустриални камари. Търговски палати _b334.788.2 _x(497.215)(091) _z334.788.2(497.215)(091) |
||
| 139 |
_aЗлатев, Любомир Златанов и др. _bЗ 72 |
||
| 245 | 1 | 0 |
_a[Сто] 100 години Русенска търговско-индустриална камера _bДокум. сб. _cсъстав. Любомир Златанов Златев; състав. Роза Велинова; състав. Тодор Билчев Билчев; ред. Йордан Йорданов Палежев. |
| 257 | _aBGR | ||
| 260 |
_bНаука и практика _c1995 _fРусе : Агава |
||
| 300 |
_a298 с. _bс ил. _c21 см |
||
| 380 | _a3 | ||
| 500 | _aСъдържа и Председатели на Камарата ; Управителни и контролни органи ; Списък на членовете на РТИК, 1995 | ||
| 650 | 4 |
_aКамари, търговско-индустриални _9280620 |
|
| 651 | 4 |
_aРусе _9179462 |
|
| 651 | 4 |
_aБългария _9241624 |
|
| 653 | _aРусе | ||
| 653 | _aтърговско-индустриални камари | ||
| 653 | _aкамари | ||
| 653 | _aТИК | ||
| 653 | _aистория | ||
| 659 | _aК | ||
| 659 | _aЯ | ||
| 700 | 1 |
_aЗлатев, Любомир Златанов _d1952 - _gИсторик. _969985 |
|
| 700 |
_aВелинова, Роза Стоянова _d1946- _gИсторик. Русе _9365656 |
||
| 700 | 1 |
_aБилчев, Тодор Билчев _eсъстав. _9365819 |
|
| 700 | 1 |
_aПалежев, Йордан Йорданов _d1940- _9105744 |
|
| 852 | _aЦб 191421 | ||
| 852 | _aК 334/З-72 Л | ||
| 856 | 4 | _qpdf | |
| 856 | 4 | _qpdf | |
| 942 |
_cKNG _n0 _05 _s1 |
||
| 944 |
_aCR _c12.05.2005 _k30560 _lГеновева Генчева |
||
| 944 |
_aED _c10.09.2015 _kВаля_Йорданова |
||
| 999 | _d46111 | ||